Worst EU Country - Statistics

General Stats
  • This quiz has been taken 179 times
  • The average score is 9 of 14
Answer Stats
Bad thing Worst Country % Correct
Highest cocaine usage United Kingdom
91%
Lowest homeownership rate Germany
77%
Most tax evasion Italy
75%
Fewest doctors per capita Poland
74%
Highest depression rate Finland
71%
Fewest cinemas per capita Romania
71%
Fewest hospital beds per capita Sweden
68%
Lowest crude birth rate Portugal
67%
Worst traffic congestion Belgium
64%
Highest percentage of prisoners Latvia
60%
Fewest Zaras per capita Denmark
55%
Most slavery Czech Republic
54%
Lowest education spending Luxembourg
45%
Fewest 18-year-olds in school Cyprus
36%
No matching quizzes found
Score Distribution
Percent of People with Each Score
Percentile by Number Answered
Your Score History
You have not taken this quiz